[Event "21. Copenhagen Open  (Politiken Cup)"]
[Site "Copenhagen"]
[Date "1999.07.12"]
[Round "9"]
[White "Bekker Jensen, David"]
[Black "Van Der Weide, Karel"]
[Result "1/2-1/2"]
[WhiteElo "2264"]
[BlackElo "2434"]
[PlyCount "111"]
[EventDate "1999.07.03"]
[EventType "swiss"]
[EventRounds "11"]
[EventCountry "DEN"]
[SourceDate "2004.01.01"]

1. d4 Nf6 2. c4 c5 3. d5 b5 4. cxb5 a6 5. bxa6 g6 6. Nc3 Bxa6 7. e4 Bxf1 8.
Kxf1 d6 9. Nf3 Bg7 10. g3 O-O 11. Kg2 Nbd7 12. Re1 Qa5 13. h3 Rfb8 14. e5 dxe5
15. Nxe5 Nxe5 16. Rxe5 Rb7 17. Qf3 Ne8 18. Re2 Nd6 19. g4 Nc4 20. d6 Nxd6 21.
Nd5 Raa7 22. Bg5 f6 23. Bd2 Qd8 24. Be3 Ra5 25. b3 c4 26. Bd2 Rab5 27. Nc3 Rc5
28. b4 Re5 29. Rxe5 fxe5 30. Qd5+ Kh8 31. Ne4 Rb5 32. Nc5 e4 33. Rc1 Qf8 34.
Kg1 c3 35. Bxc3 Bxc3 36. Rxc3 Rxb4 37. Ne6 Qf7 38. Ra3 Rb8 39. Ra8 Rxa8 40.
Qxa8+ Qg8 41. Qxg8+ Kxg8 42. Kf1 h6 43. Ke2 Kf7 44. Nc5 Kf6 45. Ke3 Ke5 46.
Nd7+ Kd5 47. h4 g5 48. hxg5 hxg5 49. a4 Nc4+ 50. Ke2 Kd6 51. Nb8 Ne5 52. a5
Nxg4 53. a6 Kc7 54. a7 Kb7 55. Nc6 e5 56. Nd8+ 1/2-1/2

[Event "21. Copenhagen Open  (Politiken Cup)"]
[Site "Copenhagen"]
[Date "1999.07.12"]
[Round "9"]
[White "Birgisdottir, Ingibjorg Edda"]
[Black "Lynge, Torben"]
[Result "1-0"]
[WhiteElo "1295"]
[BlackElo "1708"]
[PlyCount "43"]
[EventDate "1999.07.03"]
[EventType "swiss"]
[EventRounds "11"]
[EventCountry "DEN"]
[SourceDate "2004.01.01"]

1. e4 e5 2. Nf3 Nc6 3. Bc4 Bc5 4. Nc3 h6 5. d3 Nf6 6. Be3 Bxe3 7. fxe3 d6 8. h3
Na5 9. Bb3 Nxb3 10. axb3 a6 11. O-O Be6 12. Qe1 O-O 13. Nh4 Nh5 14. Nf5 Bxf5
15. exf5 Qg5 16. Ne4 Qe7 17. Rf3 Nf6 18. Qh4 Nd5 19. f6 Qe6 20. Rg3 g6 21. Rf1
Rfd8 22. Qxh6 1-0

[Event "21. Copenhagen Open  (Politiken Cup)"]
[Site "Copenhagen"]
[Date "1999.07.12"]
[Round "9"]
[White "Bjarnason, Larus H"]
[Black "Bering, Anders"]
[Result "1-0"]
[WhiteElo "1550"]
[BlackElo "2007"]
[PlyCount "83"]
[EventDate "1999.07.03"]
[EventType "swiss"]
[EventRounds "11"]
[EventCountry "DEN"]
[SourceDate "2004.01.01"]

1. d4 Nf6 2. c4 e6 3. a3 d5 4. Nc3 dxc4 5. e3 a6 6. Bxc4 b5 7. Bd3 Bb7 8. f3 c5
9. Nge2 Nbd7 10. Kf2 Be7 11. e4 cxd4 12. Nxd4 Ne5 13. Be3 Bc5 14. Be2 O-O 15.
Rc1 Rc8 16. h4 Ba7 17. Nc2 Bxe3+ 18. Nxe3 Qb6 19. Qb3 Nc4 20. Bxc4 Rxc4 21. Ke2
Rcc8 22. Rhd1 Qc7 23. Nxb5 Qxc1 24. Rxc1 Rxc1 25. Nc3 Ba8 26. Qb6 Rh1 27. Qxa6
Rxh4 28. Nb5 Nxe4 29. fxe4 Bxe4 30. Nc3 Bg6 31. Qd6 h6 32. b4 Rc8 33. Ned1 Rg4
34. Ne3 Rg3 35. Kd2 Rxc3 36. Qxg3 Rxa3 37. Qb8+ Kh7 38. b5 f5 39. b6 f4 40.
Qxf4 Rb3 41. Qd6 Rb2+ 42. Kc3 1-0

[Event "21. Copenhagen Open  (Politiken Cup)"]
[Site "Copenhagen"]
[Date "1999.07.12"]
[Round "9"]
[White "Bogdanov, Dimitri"]
[Black "Meulenbroek, Kim"]
[Result "1-0"]
[WhiteElo "2175"]
[BlackElo "1940"]
[PlyCount "105"]
[EventDate "1999.07.03"]
[EventType "swiss"]
[EventRounds "11"]
[EventCountry "DEN"]
[SourceDate "2004.01.01"]

1. e4 c5 2. Nc3 Nc6 3. f4 g6 4. Nf3 Bg7 5. Bb5 Nd4 6. O-O a6 7. Bd3 e6 8. Kh1
Ne7 9. Nxd4 cxd4 10. Ne2 d6 11. b3 Bd7 12. Bb2 Qb6 13. Qe1 O-O-O 14. Qf2 Nc6
15. c3 Kb8 16. Nxd4 Bxd4 17. cxd4 Nb4 18. Be2 d5 19. e5 Bb5 20. Bc3 Bxe2 21.
Qxe2 h5 22. Rfc1 Rc8 23. a3 Nc6 24. Rcb1 Qb5 25. Qe3 Na7 26. a4 Qc6 27. h3 b5
28. axb5 Nxb5 29. Bb4 Kb7 30. Bc5 h4 31. Ra2 Ra8 32. Rba1 Kc8 33. Rc1 Kb7 34.
Ba3 Qb6 35. Rc5 Rac8 36. Bb4 Rxc5 37. dxc5 Qc6 38. d4 Nc7 39. Ra4 Nb5 40. Be1
Qd7 41. Qe2 Qc8 42. Qa2 Qc6 43. Qa1 Rh5 44. Ba5 Rh8 45. Bb6 Ra8 46. Qe1 Rh8 47.
Qa5 Ra8 48. Bd8 Kc8 49. Bxh4 Kb7 50. Bf6 Ka7 51. Rb4 Rb8 52. Bd8 Qe8 53. Bc7
1-0

[Event "21. Copenhagen Open  (Politiken Cup)"]
[Site "Copenhagen"]
[Date "1999.07.12"]
[Round "9"]
[White "Brameld, Arthur F"]
[Black "Moller, Arne"]
[Result "0-1"]
[WhiteElo "2109"]
[BlackElo "1865"]
[PlyCount "52"]
[EventDate "1999.07.03"]
[EventType "swiss"]
[EventRounds "11"]
[EventCountry "DEN"]
[SourceDate "2004.01.01"]

1. e4 c5 2. Nf3 d6 3. d4 cxd4 4. Qxd4 Nc6 5. Bb5 Bd7 6. Bxc6 Bxc6 7. Nc3 h6 8.
Be3 e6 9. O-O-O Qa5 10. Nd2 b5 11. a3 Qc7 12. f4 Ne7 13. Nf3 Nc8 14. Rhe1 Nb6
15. Bf2 Nd7 16. Nd5 Qb7 17. Bg3 a5 18. f5 e5 19. Bxe5 dxe5 20. Nxe5 Bc5 21. Qc3
b4 22. Qg3 Bd6 23. Nf6+ gxf6 24. Rxd6 fxe5 25. Rxd7 Kxd7 26. Rd1+ Kc8 0-1

[Event "21. Copenhagen Open  (Politiken Cup)"]
[Site "Copenhagen"]
[Date "1999.07.12"]
[Round "9"]
[White "Brinck Claussen, Bjorn"]
[Black "Vistisen, Lars"]
[Result "1-0"]
[WhiteElo "2354"]
[BlackElo "2199"]
[PlyCount "81"]
[EventDate "1999.07.03"]
[EventType "swiss"]
[EventRounds "11"]
[EventCountry "DEN"]
[SourceDate "2004.01.01"]

1. e4 e5 2. Nf3 Nc6 3. Bb5 f5 4. Nc3 fxe4 5. Nxe4 Nf6 6. Nxf6+ Qxf6 7. Qe2 Be7
8. Bxc6 dxc6 9. Nxe5 O-O 10. O-O Bf5 11. d4 Rae8 12. f4 c5 13. Be3 Bd6 14. Rae1
Kh8 15. Qf2 c6 16. dxc5 Bxe5 17. fxe5 Qxe5 18. Bd4 Qd5 19. Rxe8 Rxe8 20. Bxg7+
Kxg7 21. Qxf5 Qxf5 22. Rxf5 Re2 23. Rf2 Re1+ 24. Rf1 Re5 25. Rd1 Rxc5 26. Rd7+
Kg6 27. c3 Rb5 28. Rd2 a5 29. a4 Rf5 30. Rd6+ Kg5 31. Rd7 b5 32. Rxh7 bxa4 33.
Rg7+ Kf6 34. Rg4 a3 35. bxa3 Rc5 36. c4 Rf5 37. h4 Ke6 38. g3 Rf3 39. h5 Rf5
40. Re4+ Kf6 41. Rf4 1-0

[Event "21. Copenhagen Open  (Politiken Cup)"]
[Site "Copenhagen"]
[Date "1999.07.12"]
[Round "9"]
[White "Byrn, Carsten"]
[Black "Mathiesen, Erik"]
[Result "0-1"]
[WhiteElo "2055"]
[BlackElo "1891"]
[PlyCount "138"]
[EventDate "1999.07.03"]
[EventType "swiss"]
[EventRounds "11"]
[EventCountry "DEN"]
[SourceDate "2004.01.01"]

1. d4 d5 2. c4 c6 3. Nf3 Nf6 4. Nc3 e6 5. Bg5 Be7 6. e3 O-O 7. Qc2 dxc4 8. Bxc4
Qa5 9. O-O Nbd7 10. a3 Qd8 11. Rad1 Ne8 12. Bf4 Bd6 13. Bg3 Bxg3 14. hxg3 Nef6
15. e4 Ng4 16. e5 Nb6 17. Ba2 f5 18. exf6 Qxf6 19. Ne4 Qh6 20. Qd2 Qxd2 21.
Rxd2 Nd5 22. Rc1 Ngf6 23. Nc5 Re8 24. Ne5 Kf8 25. f3 Ke7 26. Bb1 Kd6 27. Kf2
Rf8 28. Rh1 b6 29. Ne4+ Nxe4+ 30. Bxe4 h6 31. Rc1 Bd7 32. Rdc2 Rac8 33. b4 a6
34. Nc4+ Kc7 35. Bxd5 exd5 36. Ne5 Kd6 37. a4 Be8 38. f4 g5 39. Ke3 gxf4+ 40.
gxf4 Rg8 41. g4 Rg7 42. Rh2 h5 43. g5 c5 44. bxc5+ bxc5 45. Rb1 cxd4+ 46. Kxd4
Rgc7 47. Rb6+ Ke7 48. f5 Rc1 49. Rb7+ Kd6 50. Rb6+ Ke7 51. Re6+ Kf8 52. Rxa6
Rd1+ 53. Nd3 Rc4+ 54. Ke3 Re4+ 55. Kf2 Rxd3 56. Rh1 Rd2+ 57. Kf3 Rd3+ 58. Kf2
Ra3 59. Rf6+ Kg7 60. Rd1 d4 61. Rb1 Ra2+ 62. Kf1 Rh4 63. Rb7+ Kg8 64. Kg1 Rg4+
65. Kf1 Rxg5 66. Rb8 Kg7 67. Rfb6 Rxf5+ 68. Kg1 Bf7 69. Ra8 Rg5+ 0-1

[Event "21. Copenhagen Open  (Politiken Cup)"]
[Site "Copenhagen"]
[Date "1999.07.12"]
[Round "9"]
[White "Carlsson, Pontus"]
[Black "Hoi, Carsten"]
[Result "0-1"]
[WhiteElo "2186"]
[BlackElo "2394"]
[PlyCount "72"]
[EventDate "1999.07.03"]
[EventType "swiss"]
[EventRounds "11"]
[EventCountry "DEN"]
[SourceDate "2004.01.01"]

1. e4 d6 2. d4 Nf6 3. Nc3 g6 4. Bg5 c6 5. Qd2 b5 6. Bd3 Nbd7 7. f4 Bg7 8. e5 b4
9. Nce2 Nd5 10. exd6 f6 11. dxe7 Qxe7 12. Bh4 Bh6 13. Nh3 N7b6 14. O-O-O O-O
15. Nf2 a5 16. Kb1 a4 17. Bg3 Ne3 18. Rdg1 Nbc4 19. Qc1 Be6 20. h4 b3 21. cxb3
axb3 22. a3 Nc2 23. Bxc4 Bxc4 24. Nc3 Qd7 25. h5 Qf5 26. Nce4 g5 27. fxg5 Bxg5
28. Qd1 h6 29. Qf3 Qh7 30. Bf4 Bd5 31. Bxg5 fxg5 32. Qd3 Rae8 33. Re1 Nxe1 34.
Rxe1 Bxe4 35. Nxe4 Rxe4 36. Rxe4 Qxe4 0-1

[Event "21. Copenhagen Open  (Politiken Cup)"]
[Site "Copenhagen"]
[Date "1999.07.12"]
[Round "9"]
[White "Christensen, Stefan"]
[Black "Jorgensen, Michael"]
[Result "1-0"]
[WhiteElo "2196"]
[BlackElo "2274"]
[PlyCount "117"]
[EventDate "1999.07.03"]
[EventType "swiss"]
[EventRounds "11"]
[EventCountry "DEN"]
[SourceDate "2004.01.01"]

1. e4 e6 2. d4 d5 3. Nc3 Bb4 4. e5 c5 5. a3 Bxc3+ 6. bxc3 Ne7 7. Qg4 Qc7 8.
Qxg7 Rg8 9. Qxh7 cxd4 10. Kd1 dxc3 11. Nf3 Nd7 12. Bb5 Qc5 13. Bg5 Qxf2 14. Rf1
Qxg2 15. Bxe7 Kxe7 16. Qh4+ Ke8 17. Qd4 a6 18. Be2 Qg4 19. Qxc3 Qa4 20. Rb1 Qc6
21. Qe3 Qc7 22. Rb3 Rf8 23. h4 b5 24. Rc3 Qb6 25. Qf4 Nc5 26. Ng5 Ne4 27. Nxe4
dxe4 28. Qxe4 Bb7 29. Qf4 Rd8+ 30. Kc1 Qd4 31. Qxd4 Rxd4 32. h5 Be4 33. Rc8+
Ke7 34. Rxf8 Kxf8 35. Rf4 Ra4 36. Rg4 f5 37. exf6 Kf7 38. h6 Kxf6 39. Kb2 b4
40. axb4 Bf5 41. Rh4 a5 42. h7 Bxh7 43. Rxh7 Rxb4+ 44. Ka3 e5 45. Ra7 Re4 46.
Bb5 Re3+ 47. Kb2 e4 48. Rxa5 Ke5 49. Ra4 Kd5 50. Ba6 Re1 51. Bb7+ Ke5 52. Rxe4+
Rxe4 53. Bxe4 Kxe4 54. Kc3 Kd5 55. Kb4 Kc6 56. Kc4 Kc7 57. Kc5 Kd7 58. c3 Kd8
59. Kc6 1-0

[Event "21. Copenhagen Open  (Politiken Cup)"]
[Site "Copenhagen"]
[Date "1999.07.12"]
[Round "9"]
[White "Clausen, Mikkel"]
[Black "Hoff, Terje"]
[Result "0-1"]
[WhiteElo "1787"]
[BlackElo "2040"]
[PlyCount "92"]
[EventDate "1999.07.03"]
[EventType "swiss"]
[EventRounds "11"]
[EventCountry "DEN"]
[SourceDate "2004.01.01"]

1. e4 g6 2. d4 Bg7 3. Nc3 d6 4. g3 Nd7 5. Bg2 c5 6. Nge2 cxd4 7. Nxd4 Ne5 8. h3
Bd7 9. Nd5 e6 10. Ne3 Rc8 11. c3 Ne7 12. f4 Nc4 13. Nxc4 Rxc4 14. Qe2 d5 15.
exd5 exd5 16. Bxd5 Rxd4 17. Bxf7+ Kxf7 18. cxd4 Bxd4 19. Be3 Bxe3 20. Qxe3 Re8
21. O-O-O Nd5 22. Qxa7 Qc8+ 23. Kb1 Ne3 24. Rc1 Bf5+ 25. Ka1 Nc2+ 26. Rxc2 Bxc2
27. Qf2 Bd3 28. Qd2 Qc2 29. Qxc2 Bxc2 30. b3 Re3 31. Kb2 Be4 32. Rg1 Re2+ 33.
Ka3 Ke6 34. g4 Rh2 35. Re1 Kd5 36. Rd1+ Kc5 37. Rc1+ Kd4 38. Rc4+ Ke3 39. Rc7
Rxh3 40. f5 gxf5 41. gxf5 Kf4 42. Rf7 Kg5 43. Kb4 h5 44. Kc5 Rd3 45. b4 Rd5+
46. Kb6 Rxf5 0-1

[Event "21. Copenhagen Open  (Politiken Cup)"]
[Site "Copenhagen"]
[Date "1999.07.12"]
[Round "9"]
[White "Dalso, Harry"]
[Black "Raunkjaer, Jonas"]
[Result "1-0"]
[WhiteElo "1731"]
[BlackElo "1607"]
[PlyCount "93"]
[EventDate "1999.07.03"]
[EventType "swiss"]
[EventRounds "11"]
[EventCountry "DEN"]
[SourceDate "2004.01.01"]

1. e4 e5 2. Bc4 Nf6 3. d4 Nxe4 4. dxe5 c6 5. Nf3 Bc5 6. O-O O-O 7. Bd3 f5 8.
Qe2 d5 9. exd6 Nxd6 10. Ng5 Qe8 11. Bc4+ Kh8 12. Qxe8 Rxe8 13. Bb3 h6 14. Nf3
Be6 15. Re1 Bxb3 16. Rxe8+ Nxe8 17. axb3 Nf6 18. Nc3 Ng4 19. Nd1 Na6 20. h3 Re8
21. Bd2 Re2 22. Kf1 Re8 23. hxg4 fxg4 24. Ne1 h5 25. Nd3 h4 26. Rxa6 h3 27.
gxh3 bxa6 28. Nxc5 gxh3 29. Bf4 Rd8 30. Ne3 Kh7 31. Kg1 Kg6 32. Kh2 Rf8 33. Bg3
Rh8 34. Nxa6 Kf6 35. Nc5 g5 36. Nd3 Ke6 37. Ng4 Kf5 38. Ne3+ Ke4 39. Ne5 c5 40.
Nf7 Rh5 41. Nd6+ Kf3 42. Nb7 g4 43. Nd6 Rh6 44. Ndc4 Ra6 45. Ne5+ Ke2 46. N5xg4
Ra2 47. Be5 1-0

[Event "21. Copenhagen Open  (Politiken Cup)"]
[Site "Copenhagen"]
[Date "1999.07.12"]
[Round "9"]
[White "El Kher, Henrik"]
[Black "Bosch, Jeroen"]
[Result "1/2-1/2"]
[WhiteElo "2332"]
[BlackElo "2433"]
[PlyCount "32"]
[EventDate "1999.07.03"]
[EventType "swiss"]
[EventRounds "11"]
[EventCountry "DEN"]
[SourceDate "2004.01.01"]

1. e4 c5 2. Nf3 d6 3. d4 cxd4 4. Qxd4 Nc6 5. Bb5 Bd7 6. Bxc6 Bxc6 7. c4 Nf6 8.
Nc3 g6 9. O-O Bg7 10. Qd3 O-O 11. Nd4 Ng4 12. Bg5 Re8 13. b3 h6 14. Bd2 Ne5 15.
Qe2 Bd7 16. h3 Nc6 1/2-1/2

[Event "21. Copenhagen Open  (Politiken Cup)"]
[Site "Copenhagen"]
[Date "1999.07.12"]
[Round "9"]
[White "Elakany, Mohammed"]
[Black "Rubeksen, Thomas H"]
[Result "1-0"]
[WhiteElo "1172"]
[BlackElo "1050"]
[PlyCount "91"]
[EventDate "1999.07.03"]
[EventType "swiss"]
[EventRounds "11"]
[EventCountry "DEN"]
[SourceDate "2004.01.01"]

1. c4 c5 2. Nc3 Nc6 3. e3 e6 4. Nf3 Nf6 5. d4 d5 6. Bd3 dxc4 7. Bxc4 cxd4 8.
exd4 Bb4 9. O-O Bxc3 10. bxc3 O-O 11. Bg5 h6 12. Bh4 a6 13. Bd3 g5 14. Bg3 Nh5
15. Qc2 f5 16. Be5 Nxe5 17. Nxe5 Nf4 18. g4 Nxd3 19. Qxd3 Qf6 20. f3 Kg7 21.
Qc4 Qe7 22. gxf5 exf5 23. Rfe1 Qd6 24. Re2 Be6 25. Qd3 b5 26. Rg2 Bd5 27. Rg3
Rac8 28. h4 Bc4 29. Qc2 Qe7 30. hxg5 hxg5 31. f4 g4 32. Kf2 Qh4 33. Rag1 Bd5
34. Ke1 b4 35. Kd1 Bf3+ 36. Nxf3 Qh6 37. Ng5 Qf6 38. Kc1 Qxd4 39. Ne6+ Kg6 40.
Nxd4 Rf6 41. Rxg4+ Kf7 42. Rg7+ Ke8 43. Qa4+ Kf8 44. Rg8+ Ke7 45. Rxc8 Kf7 46.
Qd7# 1-0

[Event "21. Copenhagen Open  (Politiken Cup)"]
[Site "Copenhagen"]
[Date "1999.07.12"]
[Round "9"]
[White "Fant, Goran"]
[Black "Jensen, Torben W"]
[Result "0-1"]
[WhiteElo "2066"]
[BlackElo "1740"]
[PlyCount "152"]
[EventDate "1999.07.03"]
[EventType "swiss"]
[EventRounds "11"]
[EventCountry "DEN"]
[SourceDate "2004.01.01"]

1. d4 Nf6 2. c4 g6 3. Nc3 Bg7 4. e4 d6 5. Be2 O-O 6. Bg5 h6 7. Be3 e5 8. d5
Nbd7 9. Nf3 a5 10. Nd2 Nh7 11. g4 Nc5 12. Rg1 Ng5 13. Rg3 f5 14. gxf5 gxf5 15.
exf5 Kh8 16. h4 Nh7 17. f6 Qxf6 18. Nf3 Bf5 19. Qd2 a4 20. O-O-O a3 21. b4 Ne4
22. Nxe4 Bxe4 23. Rdg1 Rg8 24. Ne1 Bf5 25. Nf3 Be4 26. Kd1 Bf5 27. Ke1 Raf8 28.
Kf1 b6 29. Bd1 Be4 30. Ne1 Qxh4 31. Rg4 Qh3+ 32. Ke2 Bf5 33. R4g3 Qh5+ 34. f3
e4 35. Kf2 Qh2+ 36. R1g2 Qh4 37. Kg1 Bh3 38. Bd4 Nf6 39. Rxg7 Rxg7 40. Rxg7
Kxg7 41. Bf2 Qg5+ 42. Qxg5+ hxg5 43. Bd4 Bf5 44. Bc2 Re8 45. Kf2 Kg6 46. Bd1
exf3 47. Nxf3 Bb1 48. Bb3 Ne4+ 49. Kg2 Kf5 50. Be3 Nc3 51. Bc1 Bxa2 52. Bc2+
Kg4 53. Nd4 Bb1 54. Bb3 a2 55. Bb2 Ne4 56. Bd1+ Kf4 57. Bc1+ Ke5 58. Bb2 Kf6
59. Bh5 Ra8 60. Nc6+ Kf5 61. Nd4+ Kf4 62. Bc1+ Nd2 63. Nb3 a1=Q 64. Bxd2+ Kf5
65. Nxa1 Rxa1 66. Kg3 Ra3+ 67. Kf2 Bd3 68. c5 bxc5 69. bxc5 dxc5 70. Bf7 Be4
71. Bc1 Rd3 72. Bg8 Kg6 73. Ke2 Bf5 74. Be6 Rh3 75. Be3 Bxe6 76. dxe6 Rxe3+ 0-1

[Event "21. Copenhagen Open  (Politiken Cup)"]
[Site "Copenhagen"]
[Date "1999.07.12"]
[Round "9"]
[White "Gabrielsen, Stig"]
[Black "Olsen, Claus"]
[Result "1-0"]
[WhiteElo "2295"]
[BlackElo "2064"]
[PlyCount "35"]
[EventDate "1999.07.03"]
[EventType "swiss"]
[EventRounds "11"]
[EventCountry "DEN"]
[SourceDate "2004.01.01"]

1. Nf3 f5 2. e4 fxe4 3. Ng5 Nf6 4. d3 e3 5. Bxe3 e5 6. d4 Qe7 7. Nc3 exd4 8.
Qxd4 Nc6 9. Qd2 Qb4 10. O-O-O Be7 11. a3 Qa5 12. Bc4 Ne5 13. Bb3 c6 14. f4 Ng6
15. Bf7+ Kf8 16. h4 Bc5 17. Bxc5+ Qxc5 18. b4 1-0

[Event "21. Copenhagen Open  (Politiken Cup)"]
[Site "Copenhagen"]
[Date "1999.07.12"]
[Round "9"]
[White "Gislason, Ingolfur"]
[Black "Henrichsen, Jens"]
[Result "0-1"]
[WhiteElo "1810"]
[BlackElo "2059"]
[PlyCount "124"]
[EventDate "1999.07.03"]
[EventType "swiss"]
[EventRounds "11"]
[EventCountry "DEN"]
[SourceDate "2004.01.01"]

1. d4 Nf6 2. c4 g6 3. Nc3 Bg7 4. e4 d6 5. Be2 O-O 6. Bg5 c5 7. e5 cxd4 8. exf6
exf6 9. Bd2 dxc3 10. Bxc3 Nc6 11. Nf3 Be6 12. O-O Re8 13. Nd4 Ne5 14. f4 Qb6
15. Kh1 Nxc4 16. Nxe6 Ne3 17. Bd4 Nxd1 18. Bxb6 Rxe6 19. Bxd1 axb6 20. Bb3 Re3
21. Rac1 Rae8 22. h3 f5 23. Rc7 R3e7 24. Rxe7 Rxe7 25. Rd1 Bh6 26. g3 Bf8 27.
Bc4 Rc7 28. b3 Kg7 29. Kg2 b5 30. Bxb5 Rc2+ 31. Kf3 Rxa2 32. Bc4 Rb2 33. Rd5 h5
34. Rb5 b6 35. Rxb6 d5 36. Be2 d4 37. Rb7 Bc5 38. Rb5 d3 39. Rxc5 dxe2 40. Re5
Rxb3+ 41. Kf2 h4 42. gxh4 Rxh3 43. Kxe2 Rxh4 44. Kf3 Kf6 45. Rb5 Rh3+ 46. Kf2
Ra3 47. Rc5 Ke6 48. Rb5 Ra6 49. Re5+ Kf6 50. Rb5 Re6 51. Ra5 Re7 52. Ra6+ Kg7
53. Ra5 Rb7 54. Kf3 Kh6 55. Ra3 Rb6 56. Kg3 f6 57. Ra5 Rb3+ 58. Kf2 Rb6 59. Kg3
Kh5 60. Ra3 g5 61. Ra5 Rb3+ 62. Kf2 Kg4 0-1

[Event "21. Copenhagen Open  (Politiken Cup)"]
[Site "Copenhagen"]
[Date "1999.07.12"]
[Round "9"]
[White "Grigoryan, Meri"]
[Black "Lund, Thomas"]
[Result "1-0"]
[WhiteElo "2100"]
[BlackElo "1691"]
[PlyCount "81"]
[EventDate "1999.07.03"]
[EventType "swiss"]
[EventRounds "11"]
[EventCountry "DEN"]
[SourceDate "2004.01.01"]

1. e4 c5 2. f4 d5 3. exd5 Nf6 4. Bb5+ Bd7 5. Bxd7+ Qxd7 6. c4 e6 7. Qe2 Be7 8.
dxe6 Qxe6 9. Qxe6 fxe6 10. Nf3 Nc6 11. Na3 O-O-O 12. O-O Rhe8 13. Re1 Bd6 14.
g3 e5 15. f5 e4 16. Nh4 Nd4 17. b3 Be5 18. Rb1 Nf3+ 19. Nxf3 exf3 20. Nc2 Ng4
21. Rf1 Rd3 22. Ne3 Bd4 23. Rxf3 Bxe3+ 24. dxe3 Rd1+ 25. Rf1 Rxf1+ 26. Kxf1
Nxe3+ 27. Bxe3 Rxe3 28. Kf2 Re5 29. g4 Re4 30. Kf3 Rd4 31. Re1 Kd7 32. Re5 Kd6
33. Re8 Rd3+ 34. Kf4 Rh3 35. Rd8+ Kc6 36. Rd2 a6 37. g5 h6 38. f6 hxg5+ 39. Kg4
Rh7 40. f7 Rh8 41. Kxg5 1-0

[Event "21. Copenhagen Open  (Politiken Cup)"]
[Site "Copenhagen"]
[Date "1999.07.12"]
[Round "9"]
[White "Gunter, David WW"]
[Black "Damgaard, Sven"]
[Result "1-0"]
[WhiteElo "2146"]
[BlackElo "1939"]
[PlyCount "123"]
[EventDate "1999.07.03"]
[EventType "swiss"]
[EventRounds "11"]
[EventCountry "DEN"]
[SourceDate "2004.01.01"]

1. d4 Nf6 2. Bg5 Ne4 3. Bf4 c5 4. f3 Qa5+ 5. c3 Nf6 6. Nd2 cxd4 7. Nb3 Qf5 8.
Bxb8 Rxb8 9. Qxd4 b6 10. e4 Qf4 11. Nh3 Qc7 12. e5 Ng8 13. Ng5 e6 14. Bd3 f6
15. exf6 Nxf6 16. O-O-O Bc5 17. Nxc5 bxc5 18. Qh4 Qb6 19. Rd2 h6 20. Bg6+ Kf8
21. Nf7 Rg8 22. Ne5 d5 23. g4 Rb7 24. g5 hxg5 25. Qxg5 Rh8 26. Rg1 Re7 27. h4
c4 28. h5 Rh6 29. Rgg2 Qc7 30. Rd1 Ba6 31. Qe3 Bb5 32. Bc2 Be8 33. Bg6 Nxh5 34.
Bxh5 Bxh5 35. Rdg1 Rh7 36. Rh2 Qb6 37. Qf4+ Ke8 38. Rgh1 g6 39. Qd2 Qc7 40. Qg5
Reg7 41. Ng4 Qe7 42. Nf6+ Kf7 43. Nxh7 Rxh7 44. Qxe7+ Kxe7 45. Kd2 Kf6 46. Ke3
Ke5 47. b4 a5 48. Rb1 axb4 49. Rxb4 Rf7 50. Rf2 Ra7 51. f4+ Kd6 52. Rfb2 Kc7
53. Kd4 Bg4 54. Kc5 Bf5 55. a4 Bd3 56. Rh2 Ra5+ 57. Rb5 Rxb5+ 58. axb5 g5 59.
fxg5 Be4 60. b6+ Kb7 61. Rh6 e5 62. g6 1-0

[Event "21. Copenhagen Open  (Politiken Cup)"]
[Site "Copenhagen"]
[Date "1999.07.12"]
[Round "9"]
[White "Hansen, Anders"]
[Black "Nielsen, Nicholas Roland"]
[Result "1-0"]
[WhiteElo "1937"]
[BlackElo "1538"]
[PlyCount "51"]
[EventDate "1999.07.03"]
[EventType "swiss"]
[EventRounds "11"]
[EventCountry "DEN"]
[SourceDate "2004.01.01"]

1. d4 Nf6 2. Bg5 e6 3. e4 Be7 4. Nc3 Nxe4 5. Bxe7 Nxc3 6. Bxd8 Nxd1 7. Bxc7
Nxb2 8. Bd6 Nc6 9. Nf3 Na4 10. Bd3 f6 11. h4 Nc3 12. Kd2 Nd5 13. Rab1 b6 14. h5
Bb7 15. Rhe1 Nde7 16. c4 Nc8 17. Ba3 Kf7 18. d5 Nd8 19. Nd4 exd5 20. cxd5 Bxd5
21. Rbc1 Ne6 22. Nxe6 Bxe6 23. Rc7 f5 24. Bc4 Bxc4 25. Rxd7+ Kf6 26. f4 1-0

[Event "21. Copenhagen Open  (Politiken Cup)"]
[Site "Copenhagen"]
[Date "1999.07.12"]
[Round "9"]
[White "Hansen, Erik Friberg"]
[Black "Hau, Helge"]
[Result "0-1"]
[WhiteElo "1028"]
[BlackElo "1492"]
[PlyCount "108"]
[EventDate "1999.07.03"]
[EventType "swiss"]
[EventRounds "11"]
[EventCountry "DEN"]
[SourceDate "2004.01.01"]

1. d4 f5 2. Nf3 Nf6 3. c4 g6 4. g3 e6 5. Bg2 Bg7 6. Nc3 O-O 7. O-O c6 8. Bf4 d5
9. c5 Ne4 10. Qc2 Nd7 11. Qc1 Rf7 12. Rd1 Qf8 13. b4 a6 14. Ng5 Nxg5 15. Bxg5
h6 16. Be3 Nf6 17. f4 Ng4 18. h3 Nf6 19. Na4 Ne4 20. Kh2 Bd7 21. Nb6 Rd8 22.
Nxd7 Rdxd7 23. Rf1 Kh7 24. Qe1 Qh8 25. Rd1 h5 26. Bxe4 dxe4 27. h4 Bxd4 28.
Bxd4 Rxd4 29. Qc3 Rd5 30. Qxh8+ Kxh8 31. Rxd5 exd5 32. e3 Rd7 33. Rd1 Kg7 34.
Kg2 Kf7 35. Kf2 Ke6 36. Rd2 Rd8 37. a3 Rb8 38. Rc2 Kd7 39. Ke2 b6 40. Kd2 bxc5
41. bxc5 a5 42. a4 Rb4 43. Ra2 Kc7 44. Ra3 Rc4 45. Ra2 Rxc5 46. Rc2 Rxc2+ 47.
Kxc2 c5 48. Kc3 Kc6 49. Kd2 c4 50. Kc3 Kc5 51. Kd2 Kb4 52. Kc2 c3 53. Kc1 Kxa4
54. Kc2 Kb4 0-1

[Event "21. Copenhagen Open  (Politiken Cup)"]
[Site "Copenhagen"]
[Date "1999.07.12"]
[Round "9"]
[White "Hansen, Morten Lyck"]
[Black "Maechel, Michael"]
[Result "1/2-1/2"]
[WhiteElo "1847"]
[BlackElo "1611"]
[PlyCount "44"]
[EventDate "1999.07.03"]
[EventType "swiss"]
[EventRounds "11"]
[EventCountry "DEN"]
[SourceDate "2004.01.01"]

1. e4 c6 2. d4 d5 3. exd5 cxd5 4. c4 Nc6 5. cxd5 Qxd5 6. Nf3 Bg4 7. Be2 e6 8.
Nc3 Bb4 9. O-O Bxc3 10. bxc3 Nge7 11. Re1 O-O 12. Ne5 Bxe2 13. Rxe2 Nxe5 14.
Rxe5 Qd6 15. a4 Rfd8 16. Rb5 Qc6 17. Bg5 Rd7 18. Bxe7 Rxe7 19. Qb3 Rc8 20. Rc5
Qd7 21. Rxc8+ Qxc8 22. c4 b6 1/2-1/2

[Event "21. Copenhagen Open  (Politiken Cup)"]
[Site "Copenhagen"]
[Date "1999.07.12"]
[Round "9"]
[White "Hansen, Soren Asger"]
[Black "Nielsen, Michael Backmann"]
[Result "1-0"]
[WhiteElo "1683"]
[BlackElo "1514"]
[PlyCount "39"]
[EventDate "1999.07.03"]
[EventType "swiss"]
[EventRounds "11"]
[EventCountry "DEN"]
[SourceDate "2004.01.01"]

1. e4 e6 2. Nf3 d5 3. e5 c5 4. b4 cxb4 5. d4 Nc6 6. Bd3 Qb6 7. O-O Bd7 8. Be3
f6 9. exf6 Nxf6 10. c4 bxc3 11. Nxc3 a6 12. Rb1 Qc7 13. Ng5 Bd6 14. f4 O-O 15.
Ne2 h6 16. Nf3 Ng4 17. Bd2 Ne7 18. h3 Nf6 19. g4 Ng6 20. Bxg6 1-0

[Event "21. Copenhagen Open  (Politiken Cup)"]
[Site "Copenhagen"]
[Date "1999.07.12"]
[Round "9"]
[White "Hardarson, Robert"]
[Black "Schmied, Andreas"]
[Result "1/2-1/2"]
[WhiteElo "2331"]
[BlackElo "2162"]
[PlyCount "30"]
[EventDate "1999.07.03"]
[EventType "swiss"]
[EventRounds "11"]
[EventCountry "DEN"]
[SourceDate "2004.01.01"]

1. e4 c5 2. d4 cxd4 3. c3 dxc3 4. Nxc3 Nc6 5. Nf3 d6 6. Bc4 e6 7. O-O Be7 8.
Qe2 a6 9. Be3 Bd7 10. a4 Nf6 11. h3 Rc8 12. Rfd1 Qc7 13. Rac1 Qb8 14. Bb6 O-O
15. Bb3 Bd8 1/2-1/2